Представление документа в формате RUSMARC

ПолеНазваниеЗначение
  Тип записи a
  Библиографический уровень m
001 Контрольный номер c74a0991d4274a98a6aa0f0bd0721172
005 Дата корректировки 20140526192814.2
200 Заглавие и сведения об ответственности __
a Заглавие Поиск и отбор персонала
e Сведения, относящиеся к заглавию Практическое пособие для руководителей и специалистов кадровых служб
f Первые сведения об ответственности Магура М.И.
210 Выходные данные __
a Место издания Москва
c Издательство Бизнес-школа"Интел-Синтез"
d Дата издания 1997
215 Физическое описание __
a Объем 79
225 Серия __
a Серия Б-ка журн."Управление персоналом"
300 Общие примечания __
a Общие примечания 2экз.
606 Тематические рубрики __
a Основная рубрика Экономика труда
610 Ключевые слова __
a Ключевые слова кадры
686 Индексы других классификаций __
a Классификационный индекс 65.9(2)24
2 Код системы rubbk
686 Индексы других классификаций __
a Классификационный индекс 65.9(2)240
2 Код системы rubbk
700 Автор __
a Фамилия Магура М.И.
801 Источник записи _0
a Страна RU
b Организация РУК
c Дата составления 19980902
g Правила каталогизации PSBO
801 Источник записи _1
a Страна RU
b Организация РУК
c Дата составления 19980902
g Правила каталогизации PSBO
852 Данные о местонахождении __
i Авторский знак М-12
j Шифр хранения 65.9(2)240
901 Тип документа __
t Тип документа m
938 Служебная информация __
a Название организации Головной вуз
b Имя БД BOOK
c Название АИБС АИБС ИРБИС